[Event "45th Olympiad 2024"]
[Site "Budapest HUN"]
[Date "2024.09.11"]
[Round "1.42"]
[Board "1"]
[White "Neiksans, Arturs"]
[Black "Ebosse Kingue Victor Patrick"]
[Result "1-0"]
[WhiteTitle "GM"]
[BlackTitle "FM"]
[WhiteElo "2571"]
[BlackElo "2014"]
[WhiteTeam "Latvia"]
[BlackTeam "Cameroon"]
[WhiteFideId "11601388"]
[BlackFideId "16400291"]
[EventDate "2024.09.11"]

1. d4 Nf6 2. c4 g6 3. Nc3 Bg7 4. e4 d6 5. Be2 Nc6 6. d5 Ne5 7. f4 Ned7 8. Nh3
Nc5 9. Nf2 a5 10. Be3 b6 11. Qd2 a4 12. Rd1 O-O 13. O-O e6 14. dxe6 Bxe6 15. g4
Qe7 16. f5 Ncxe4 17. Nfxe4 Nxe4 18. Nxe4 gxf5 19. gxf5 Bxf5 20. Rxf5 Qxe4 21.
Bd3 Qh4 22. Kh1 Rae8 23. Rg1 Kh8 24. Qg2 Bh6 25. Bxh6 Qxh6 26. Rh5 1-0

[Event "45th Olympiad 2024"]
[Site "Budapest HUN"]
[Date "2024.09.11"]
[Round "1.42"]
[Board "2"]
[White "Zebaze Dongmo Loic Dylane"]
[Black "Meshkovs, Nikita"]
[Result "0-1"]
[BlackTitle "GM"]
[WhiteElo "1914"]
[BlackElo "2534"]
[WhiteTeam "Cameroon"]
[BlackTeam "Latvia"]
[WhiteFideId "16401107"]
[BlackFideId "11602740"]
[EventDate "2024.09.11"]

1. d4 Nf6 2. Nc3 d6 3. e4 Nbd7 4. Nf3 e5 5. dxe5 dxe5 6. Bd3 c6 7. O-O Qc7 8. a4
Nc5 9. h3 h6 10. Nh4 Be6 11. Qf3 Nxd3 12. Qxd3 Nh5 13. Ne2 g6 14. Qf3 Ng7 15.
Qf6 Qe7 16. Qxe7+ Bxe7 17. Nf3 f6 18. Rd1 Bf7 19. Be3 Ne6 20. Rd3 Nc5 21. Bxc5
Bxc5 22. b3 Rd8 23. Rad1 Rxd3 24. Rxd3 Ke7 25. Kf1 a5 26. c4 Bb4 27. Nc3 Rb8 28.
Na2 Bc5 29. Nc3 h5 30. Ke2 Be6 31. Nd2 h4 32. f3 f5 33. Kd1 Rh8 34. Ke2 Rh5 35.
Kf1 Bb4 36. Ke2 Rh8 37. Kf1 Kf6 38. Ke2 Kg5 39. Kf2 Rb8 40. Na2 Bc5+ 41. Ke2 Kf4
42. Nc3 Bb4 43. Ncb1 Re8 44. Kf2 Re7 45. Rd8 Rd7 46. Rxd7 Bxd7 47. exf5 Bxf5 48.
Ke2 Bc2 49. Kf2 Bd3 50. Kg1 Ke3 0-1

[Event "45th Olympiad 2024"]
[Site "Budapest HUN"]
[Date "2024.09.11"]
[Round "1.42"]
[Board "3"]
[White "Kantans, Toms"]
[Black "Amba Oyon Marius Claude"]
[Result "1-0"]
[WhiteTitle "GM"]
[BlackTitle "IM"]
[WhiteElo "2486"]
[BlackElo "1975"]
[WhiteTeam "Latvia"]
[BlackTeam "Cameroon"]
[WhiteFideId "11602945"]
[BlackFideId "16400240"]
[EventDate "2024.09.11"]

1. e4 c5 2. Nf3 e6 3. d4 cxd4 4. Nxd4 a6 5. Bd3 Qc7 6. O-O Nf6 7. Qe2 d6 8. c4
Nbd7 9. f4 h5 10. Kh1 Ng4 11. Nc3 Be7 12. Bd2 Qb6 13. Nb3 Nc5 14. Nxc5 Qxc5 15.
b4 Qa7 16. h3 f6 17. g3 Nh6 18. Be3 b6 19. Qxh5+ Nf7 20. Qg6 Kf8 21. h4 Qb7 22.
Kg1 b5 23. cxb5 axb5 24. Nxb5 f5 25. exf5 Rh6 26. Qg4 exf5 27. Qf3 Qxf3 28. Rxf3
Bb7 29. Rf2 Rg6 30. Kh2 Nh6 31. Kh3 Ba6 32. a4 Rb8 33. Rc1 Bd8 34. Re2 Bb7 35.
Nd4 Bf6 36. Nxf5 Bc8 37. Rxc8+ Rxc8 38. Nxd6 Rd8 39. Bxg6 1-0

[Event "45th Olympiad 2024"]
[Site "Budapest HUN"]
[Date "2024.09.11"]
[Round "1.42"]
[Board "4"]
[White "Makem Pierre"]
[Black "Miezis, Normunds"]
[Result "0-1"]
[WhiteTitle "CM"]
[BlackTitle "GM"]
[WhiteElo "1860"]
[BlackElo "2417"]
[WhiteTeam "Cameroon"]
[BlackTeam "Latvia"]
[WhiteFideId "11000805"]
[BlackFideId "11600136"]
[EventDate "2024.09.11"]

1. d4 Nf6 2. Nc3 d5 3. Bf4 e6 4. e3 a6 5. g4 h6 6. Qf3 b5 7. a3 Bb7 8. Qg3 c5 9.
Bc7 Qc8 10. f3 Nc6 11. O-O-O cxd4 12. exd4 Qd7 13. Kb1 Rc8 14. Be5 b4 15. axb4
Bxb4 16. Nge2 Na5 17. Na2 Bf8 18. Nec3 Qc6 19. g5 hxg5 20. Qxg5 Nd7 21. h4 Nxe5
22. Qxe5 Qc7 23. Qg5 Rh6 24. h5 Rf6 25. Be2 Qf4 26. Rhg1 Nc4 27. Rd3 Qxg5 28.
Rxg5 Rf4 29. b3 Nd6 30. Bf1 Rh4 31. Re5 Be7 32. Re1 Nf5 33. Ne2 a5 34. Nac3 Bb4
35. f4 Ba6 36. Rh3 Bxe2 37. Rxe2 Rxc3 0-1

[Event "45th Olympiad 2024"]
[Site "Budapest HUN"]
[Date "2024.09.11"]
[Round "1.43"]
[Board "1"]
[White "Al Maashani, Amer"]
[Black "Haring, Filip"]
[Result "0-1"]
[WhiteTitle "FM"]
[BlackTitle "IM"]
[WhiteElo "1979"]
[BlackElo "2503"]
[WhiteTeam "Oman"]
[BlackTeam "Slovakia"]
[WhiteFideId "22000100"]
[BlackFideId "14933080"]
[EventDate "2024.09.11"]

1. d4 Nf6 2. c4 e6 3. Nc3 Bb4 4. e3 O-O 5. Ne2 c6 6. a3 Ba5 7. b4 Bc7 8. Ng3 d5
9. f4 a5 10. Rb1 axb4 11. axb4 Nbd7 12. Bd3 dxc4 13. Bxc4 Nd5 14. Bd2 N7b6 15.
Bd3 Nxc3 16. Bxc3 Nd5 17. Qc1 c5 18. O-O Nxc3 19. Qxc3 cxd4 20. exd4 Bb6 21. Ne2
Bd7 22. Kh1 Bc6 23. Rbd1 Qd5 24. Rf3 Rfd8 25. Rg3 g6 26. b5 Bxb5 27. Rg5 f5 28.
h4 Rdc8 29. Qb4 Bxd3 30. Rxd3 Bd8 31. Nc3 Qc4 32. Qxc4 Rxc4 33. Rgg3 Bxh4 34.
Rge3 Bf6 35. Nb5 Ra6 36. d5 exd5 37. Rxd5 Rxf4 38. g3 Rf2 39. Kg1 Rc2 40. Re1
Kg7 41. Nd6 Kh6 42. Nf7+ Kh5 43. Rf1 Raa2 44. Rfd1 Rg2+ 45. Kh1 Kg4 0-1

[Event "45th Olympiad 2024"]
[Site "Budapest HUN"]
[Date "2024.09.11"]
[Round "1.43"]
[White "Sahidi, Samir"]
[Black "Salim Mohammed, Salim Al Amri"]
[Result "1-0"]
[WhiteTitle "IM"]
[BlackTitle "FM"]
[WhiteElo "2474"]
[BlackElo "1926"]
[WhiteTeam "Slovakia"]
[BlackTeam "Oman"]
[WhiteFideId "14936372"]
[BlackFideId "22000089"]
[EventDate "2024.09.11"]

1. d4 Nf6 2. c4 g6 3. Nc3 Bg7 4. e4 d6 5. Nf3 O-O 6. Be2 e5 7. O-O Nc6 8. d5 Nb8
9. Ne1 a5 10. Nd3 Na6 11. Bg5 h6 12. Bh4 Qe8 13. a3 g5 14. Bg3 a4 15. f3 Bd7 16.
Bf2 b6 17. Nb5 Bxb5 18. cxb5 Nc5 19. Nb4 Nfd7 20. Rc1 f5 21. Na6 Nxa6 22. bxa6
Nc5 23. Rc4 Nxa6 24. Rxa4 Nc5 25. Rxa8 Qxa8 26. b4 Nd7 27. a4 Nf6 28. Qc2 fxe4
29. fxe4 Rf7 30. Ra1 h5 31. a5 h4 32. a6 Qa7 33. h3 Nd7 34. Bg4 Nf8 35. b5 Ng6
36. Be6 Nf4 37. Bxf7+ Kxf7 38. Qc6 Ne2+ 39. Kf1 Nd4 40. Qb7 Nxb5 41. Rb1 1-0

[Event "45th Olympiad 2024"]
[Site "Budapest HUN"]
[Date "2024.09.11"]
[Round "1.43"]
[Board "3"]
[White "Al Maashani, Abdullah"]
[Black "Druska, Juraj"]
[Result "0-1"]
[BlackTitle "IM"]
[WhiteElo "1893"]
[BlackElo "2441"]
[WhiteTeam "Oman"]
[BlackTeam "Slovakia"]
[WhiteFideId "22000542"]
[BlackFideId "14915650"]
[EventDate "2024.09.11"]

1. e4 c5 2. Nf3 Nc6 3. d4 cxd4 4. Nxd4 g6 5. Nc3 Bg7 6. Be3 Nf6 7. f3 O-O 8. Qd2
d5 9. O-O-O dxe4 10. Qf2 Qa5 11. Nb3 Qc7 12. Qh4 exf3 13. gxf3 Bf5 14. Nb5 Qc8
15. Bd3 Rd8 16. N5d4 Bxd3 17. Rxd3 Nb4 18. Rd2 Nxa2+ 19. Kb1 Nb4 20. Rhd1 Rd5
21. Ne2 Nxc2 22. Bg5 Qf5 23. Rxd5 Nxd5 24. Ng3 Na3+ 25. Ka2 Qc2 26. Rd2 Nc3+ 27.
Kxa3 Nb1+ 28. Kb4 Nxd2 29. Bxd2 a5+ 30. Ka3 Qxb2+ 31. Ka4 Qa2+ 0-1

[Event "45th Olympiad 2024"]
[Site "Budapest HUN"]
[Date "2024.09.11"]
[Round "1.44"]
[Board "1"]
[White "Garcia Pantoja, Roberto"]
[Black "Pereira, Sergio"]
[Result "1-0"]
[WhiteTitle "GM"]
[WhiteElo "2550"]
[BlackElo "1988"]
[WhiteTeam "Colombia"]
[BlackTeam "Sao Tome and Principe"]
[WhiteFideId "3509265"]
[BlackFideId "1908316"]
[EventDate "2024.09.11"]

1. e4 c5 2. Nf3 e6 3. d4 cxd4 4. Nxd4 Nf6 5. Nc3 Nc6 6. a3 d6 7. Be3 Be7 8. Be2
O-O 9. f4 a6 10. g4 Nxd4 11. Qxd4 e5 12. fxe5 Nxg4 13. Bxg4 Bxg4 14. Rg1 h5 15.
h3 Bh4+ 16. Bf2 Bxh3 17. O-O-O Bg5+ 18. Kb1 Bg4 19. Rxg4 hxg4 20. exd6 Qf6 21.
e5 Qf4 22. Ne4 Rfd8 23. Rg1 Kf8 24. Nxg5 Qxg5 25. Rxg4 Qf5 26. Bh4 Rd7 27. e6
fxe6 28. Be7+ Rxe7 29. dxe7+ Ke8 30. Rxg7 Qf1+ 31. Ka2 Rc8 32. Rg8+ 1-0

[Event "45th Olympiad 2024"]
[Site "Budapest HUN"]
[Date "2024.09.11"]
[Round "1.44"]
[Board "2"]
[White "Nascimento Admilton de Ceita dos Santos"]
[Black "Cardoso Cardoso, Jose Gabriel"]
[Result "0-1"]
[BlackTitle "GM"]
[WhiteElo "1908"]
[BlackElo "2508"]
[WhiteTeam "Sao Tome and Principe"]
[BlackTeam "Colombia"]
[WhiteFideId "16900120"]
[BlackFideId "4430492"]
[EventDate "2024.09.11"]

1. d4 Nf6 2. Bf4 d5 3. e3 c5 4. c3 Nc6 5. Nd2 Bf5 6. Qb3 Qc8 7. Ngf3 c4 8. Qa4
a6 9. Qd1 h6 10. h3 e6 11. Be2 b5 12. b4 Nxb4 13. O-O Nd3 14. a3 Be7 15. Bh2 a5
16. Ne1 O-O 17. Be5 Nxe5 18. dxe5 Nd7 19. f4 b4 20. axb4 axb4 21. Rxa8 Qxa8 22.
Nxc4 Qa7 23. Nb2 Qxe3+ 24. Kh2 bxc3 25. Na4 Be4 26. Bd3 Rc8 27. Qc2 Bh4 28. Bxe4
dxe4 29. Qd1 Bg3+ 30. Kh1 Qd2 31. Nc2 e3 32. Nxe3 Qxd1 33. Rxd1 c2 34. Rc1 Bxf4
35. Rxc2 Ra8 36. Nf1 Rxa4 37. g3 Bxe5 38. Kg2 Nf6 39. Re2 Bc7 40. Rc2 Nd5 41.
Kf2 Ra3 42. h4 Bb6+ 43. Kg2 Ne3+ 44. Nxe3 Rxe3 45. Rc8+ Kh7 46. Rb8 Rxg3+ 47.
Kh2 Bc7 48. Rb7 Rc3+ 0-1

[Event "45th Olympiad 2024"]
[Site "Budapest HUN"]
[Date "2024.09.11"]
[Round "1.44"]
[Board "3"]
[White "Avila Pavas, Santiago"]
[Black "Lima, Osvaldo Dos Santos"]
[Result "1-0"]
[WhiteTitle "GM"]
[BlackTitle "CM"]
[WhiteElo "2485"]
[BlackElo "1903"]
[WhiteTeam "Colombia"]
[BlackTeam "Sao Tome and Principe"]
[WhiteFideId "4437128"]
[BlackFideId "14306352"]
[EventDate "2024.09.11"]

1. d4 g6 2. e4 Bg7 3. Nc3 c6 4. Be3 b5 5. Qd2 a5 6. h4 h5 7. Nh3 d6 8. Ng5 Nh6
9. a3 Bb7 10. Be2 Nd7 11. f3 Nf8 12. O-O f5 13. Nxb5 Nf7 14. Nxf7 Kxf7 15. Nc3
e5 16. dxe5 dxe5 17. Bc4+ Ne6 18. Na4 Re8 19. Qc3 Qxh4 20. Bxe6+ Rxe6 21. Nc5
Re7 1-0

[Event "45th Olympiad 2024"]
[Site "Budapest HUN"]
[Date "2024.09.11"]
[Round "1.45"]
[Board "1"]
[White "Ayyad, Husain"]
[Black "Tin, Jingyao"]
[Result "1/2-1/2"]
[WhiteTitle "FM"]
[BlackTitle "GM"]
[WhiteElo "2129"]
[BlackElo "2580"]
[WhiteTeam "Bahrain"]
[BlackTeam "Singapore"]
[WhiteFideId "11200243"]
[BlackFideId "5804418"]
[EventDate "2024.09.11"]

1. e4 c6 2. d4 d5 3. Nd2 dxe4 4. Nxe4 Nf6 5. Nxf6+ exf6 6. Be3 Bd6 7. Bd3 O-O 8.
c3 Re8 9. Qc2 h5 10. Ne2 Na6 11. O-O h4 12. h3 Nc7 13. c4 Bd7 14. c5 Bf8 15. Nc3
g6 16. Rfe1 Be6 17. Rad1 Nd5 18. Nxd5 Bxd5 19. b4 b5 20. Bf4 a5 21. a4 bxa4 22.
Qxa4 axb4 23. Qxb4 Qd7 24. Rxe8 Rxe8 25. Re1 Rd8 26. Be3 Be6 27. Be2 Bg7 28. d5
Bxd5 29. Qxh4 Re8 30. Rb1 f5 31. Bf1 Be4 32. Rc1 Bb2 33. Re1 Qd5 34. f3 Bd3 35.
Bxd3 Qxd3 36. Bf2 Rxe1+ 37. Bxe1 Bd4+ 38. Bf2 Be5 39. f4 Bc7 40. Qg3 Qe4 41. Be3
Kf8 42. Qf2 Ba5 43. Qe2 Bb4 44. Kf2 Qd5 45. Qc2 Ke7 46. Kf1 Kd7 47. Kf2 Kc7 48.
Kg3 Kc8 49. h4 Be1+ 50. Bf2 Qd2 51. Qxd2 Bxd2 52. Kf3 Kd7 53. g4 Ke6 54. Kg3
fxg4 55. Kxg4 Bc3 56. Bg1 Bf6 57. Bf2 Bc3 58. Bg1 Ba5 59. Bf2 Bd8 60. f5+ gxf5+
61. Kf4 Bc7+ 62. Kg5 Bd8+ 63. Kf4 Kf6 64. Bd4+ Kg6 65. h5+ Kxh5 66. Kxf5 Be7 67.
Be3 Kh4 68. Bf4 Kh3 69. Bg5 Bxg5 70. Kxg5 Kg3 71. Kf5 Kf3 72. Ke5 Ke3 73. Kd6 f5
74. Kxc6 f4 75. Kd6 1/2-1/2

[Event "45th Olympiad 2024"]
[Site "Budapest HUN"]
[Date "2024.09.11"]
[Round "1.45"]
[Board "2"]
[White "Siddharth, Jagadeesh"]
[Black "Ayyad, Maher"]
[Result "1-0"]
[WhiteTitle "GM"]
[BlackTitle "FM"]
[WhiteElo "2514"]
[BlackElo "1980"]
[WhiteTeam "Singapore"]
[BlackTeam "Bahrain"]
[WhiteFideId "5818320"]
[BlackFideId "11200235"]
[EventDate "2024.09.11"]

1. e4 c5 2. Nf3 e6 3. d4 cxd4 4. Nxd4 Nf6 5. Bd3 Nc6 6. Nxc6 bxc6 7. Bf4 d5 8.
Nd2 Be7 9. O-O O-O 10. e5 Nd7 11. Re1 f5 12. exf6 Nxf6 13. Be5 Qe8 14. c4 Qf7
15. Qc2 g6 16. Nf3 Nd7 17. Rac1 Nc5 18. cxd5 cxd5 19. Bd4 Nxd3 20. Qxd3 Bd6 21.
h4 Qf5 22. Qb5 Bf4 23. Rc3 Rb8 24. Qc5 Rf7 25. Ne5 Bxe5 26. Bxe5 Rb5 27. Qxc8+
Rf8 28. Qd7 1-0

[Event "45th Olympiad 2024"]
[Site "Budapest HUN"]
[Date "2024.09.11"]
[Round "1.45"]
[Board "3"]
[White "Monther, Alfardan"]
[Black "Wong, Zhenyong Jayden"]
[Result "0-1"]
[BlackTitle "FM"]
[WhiteElo "1834"]
[BlackElo "2397"]
[WhiteTeam "Bahrain"]
[BlackTeam "Singapore"]
[WhiteFideId "11204265"]
[BlackFideId "5821975"]
[EventDate "2024.09.11"]

1. e4 c5 2. Nf3 e6 3. c3 d5 4. exd5 Qxd5 5. d4 Nf6 6. Na3 Nc6 7. Be3 cxd4 8. Nb5
Qd7 9. Nbxd4 a6 10. Bd3 Nd5 11. O-O Be7 12. Nxc6 bxc6 13. Ne5 Qc7 14. Qh5 g6 15.
Nxg6 fxg6 16. Bxg6+ Kd8 17. Rad1 Bd7 18. c4 Nf6 19. Qh3 Kc8 20. Bf7 Qe5 21. Bd4
Qf5 22. Qxf5 exf5 23. Rfe1 Bd8 24. Be6 Bxe6 25. Rxe6 Rf8 26. Rxc6+ Kb7 27. Re6
Rc8 28. c5 Ne4 29. b4 Rc6 30. Rxc6 Kxc6 31. f3 Ng5 32. a4 Bc7 33. h4 Ne6 34. Bf2
Rb8 35. Be1 Nf4 36. b5+ axb5 37. axb5+ Rxb5 38. Bf2 Rb2 39. Kf1 Ne6 40. g4 f4
41. Re1 Kd5 42. Rd1+ Kc6 43. Re1 Nxc5 44. Bxc5 Kxc5 45. Re7 Kc6 46. Rxh7 Bb6 47.
Rf7 Rf2+ 48. Ke1 Rxf3 49. h5 Kd5 50. h6 Re3+ 51. Kf1 Ke4 52. Re7+ Kf3 53. h7 Bd4 0-1

[Event "45th Olympiad 2024"]
[Site "Budapest HUN"]
[Date "2024.09.11"]
[Round "1.46"]
[Board "1"]
[White "Kjartansson, Gudmundur"]
[Black "Mompel Ferruz, Xavier"]
[Result "0-1"]
[WhiteTitle "GM"]
[BlackTitle "FM"]
[WhiteElo "2478"]
[BlackElo "2273"]
[WhiteTeam "Iceland"]
[BlackTeam "Equatorial Guinea"]
[WhiteFideId "2301318"]
[BlackFideId "54585775"]
[EventDate "2024.09.11"]

1. Nf3 d5 2. g3 Nf6 3. Bg2 c5 4. O-O e6 5. c4 d4 6. e3 Nc6 7. exd4 cxd4 8. d3
Bd6 9. Bg5 h6 10. Bxf6 Qxf6 11. Nbd2 Qe7 12. Re1 O-O 13. a3 a5 14. Nb3 Qf6 15.
Nfd2 Qd8 16. Ne4 Bc7 17. Nbc5 b6 18. Nf6+ Qxf6 19. Bxc6 Ra7 20. Ne4 Qe7 21. Qa4
Bd6 22. Nxd6 Qxd6 23. b4 axb4 24. Qxa7 Qxc6 25. axb4 Bb7 26. Re4 Ra8 27. Qxa8+
Bxa8 28. b5 Qb7 29. f3 Kh7 30. Rf1 Qe7 31. Re2 Qa3 32. Rd2 Bxf3 0-1

[Event "45th Olympiad 2024"]
[Site "Budapest HUN"]
[Date "2024.09.11"]
[Round "1.46"]
[Board "2"]
[White "Oscar Naranjo Gonzalez"]
[Black "Stefansson, Hannes"]
[Result "0-1"]
[BlackTitle "GM"]
[WhiteElo "1861"]
[BlackElo "2471"]
[WhiteTeam "Equatorial Guinea"]
[BlackTeam "Iceland"]
[WhiteFideId "22900241"]
[BlackFideId "2300087"]
[EventDate "2024.09.11"]

1. e4 c5 2. Nc3 Nc6 3. f4 g6 4. Nf3 Bg7 5. Bc4 e6 6. O-O Nge7 7. a3 O-O 8. d3 d5
9. Ba2 Nd4 10. Nxd4 cxd4 11. Ne2 Bd7 12. Bd2 dxe4 13. dxe4 Qb6 14. Kh1 Rfc8 15.
Rb1 Ba4 16. Bb3 Bxb3 17. cxb3 a5 18. Rc1 Qb5 19. Rf3 Rc6 20. Rxc6 Qxc6 21. e5
Nf5 22. Qc1 Qd7 23. Qb1 Rc8 24. Qd3 Qc6 25. h3 Qd5 26. Ng3 f6 27. Nxf5 exf5 28.
e6 Bf8 29. Re3 Be7 30. Re1 Kf8 31. Kh2 Rc6 32. b4 axb4 33. axb4 Qc4 34. Qb1 Qc2
35. Qxc2 Rxc2 36. Rd1 Bd6 37. Kg1 Rxb2 38. Be1 Bxf4 39. Kf1 Be3 40. Ra1 d3 41.
Rd1 d2 42. Bg3 f4 43. Ke2 Rxb4 44. Bh2 Rc4 45. g3 g5 0-1

[Event "45th Olympiad 2024"]
[Site "Budapest HUN"]
[Date "2024.09.11"]
[Round "1.47"]
[Board "1"]
[White "Morazo, John Ranel"]
[Black "Henriquez Villagra, Cristobal"]
[Result "0-1"]
[BlackTitle "GM"]
[WhiteElo "2200"]
[BlackElo "2604"]
[WhiteTeam "Palau"]
[BlackTeam "Chile"]
[WhiteFideId "5203791"]
[BlackFideId "3409350"]
[EventDate "2024.09.11"]

1. Nf3 d5 2. c4 e6 3. g3 Nf6 4. Bg2 d4 5. d3 Bb4+ 6. Nbd2 a5 7. O-O Nc6 8. a3
Be7 9. Rb1 O-O 10. Ne4 Nxe4 11. dxe4 e5 12. b4 axb4 13. axb4 Bxb4 14. Nxe5 Nxe5
15. Rxb4 c5 16. Rb5 b6 17. Qb3 Be6 18. Rxb6 Bxc4 19. Qb2 Bxe2 20. Bg5 f6 21. Re6
Bxf1 22. Kxf1 Qa5 0-1

[Event "45th Olympiad 2024"]
[Site "Budapest HUN"]
[Date "2024.09.11"]
[Round "1.47"]
[Board "2"]
[White "Salinas Herrera, Pablo"]
[Black "Salvadora, Angelo"]
[Result "1-0"]
[WhiteTitle "GM"]
[WhiteElo "2479"]
[BlackElo "1812"]
[WhiteTeam "Chile"]
[BlackTeam "Palau"]
[WhiteFideId "3407128"]
[BlackFideId "16601491"]
[EventDate "2024.09.11"]

1. d4 e6 2. Nf3 d5 3. Bf4 Bd6 4. e3 Bxf4 5. exf4 Nc6 6. c3 a6 7. Bd3 h6 8. h4
Nf6 9. Nbd2 Nh5 10. g3 Nf6 11. h5 Bd7 12. Qe2 Qe7 13. Kf1 Nh7 14. Kg2 O-O 15.
Rae1 Rae8 16. Nh4 Nf6 17. Bb1 Na5 18. Qd3 Bb5 19. Qc2 Nc4 20. Nf1 Nd6 21. Ne3
Nde4 22. f3 Nd6 23. Ng4 Nde4 24. fxe4 Nxg4 25. e5 f5 26. Ng6 Qf7 27. Rh4 Rc8 28.
Rxg4 Rfe8 29. Rh4 c5 30. Rd1 b6 31. g4 cxd4 32. Rxd4 Rc4 33. gxf5 exf5 34. Qxf5
Qxf5 35. Bxf5 Rxd4 36. cxd4 Bc6 37. Rh3 Bb5 38. Rc3 Bc4 39. b3 Be2 40. Bd7 Rd8
41. e6 Bxh5 42. e7 1-0

[Event "45th Olympiad 2024"]
[Site "Budapest HUN"]
[Date "2024.09.11"]
[Round "1.47"]
[Board "3"]
[White "Mahor Jr, Manuel"]
[Black "Lopez Silva, Hugo"]
[Result "0-1"]
[BlackTitle "IM"]
[WhiteElo "1759"]
[BlackElo "2379"]
[WhiteTeam "Palau"]
[BlackTeam "Chile"]
[WhiteFideId "16600100"]
[BlackFideId "3403874"]
[EventDate "2024.09.11"]

1. d4 Nf6 2. Nf3 g6 3. Nc3 d5 4. Bf4 Bg7 5. Qd2 O-O 6. Bh6 c5 7. Bxg7 Kxg7 8.
O-O-O cxd4 9. Nxd4 Nc6 10. e3 e5 11. Nb3 Be6 12. h4 h5 13. Be2 Qe7 14. f3 Rad8
15. g4 d4 16. Ne4 Nxe4 17. fxe4 dxe3 18. Qxe3 Rxd1+ 19. Bxd1 hxg4 20. Qg3 f5 21.
exf5 gxf5 22. Qc3 Qb4 23. Qe3 Qf4 24. Qxf4 exf4 25. Nc5 Bc8 26. c3 Ne5 27. Re1
Kf6 28. Kc2 b6 29. Nd3 Nxd3 30. Kxd3 Rd8+ 31. Ke2 Ba6+ 32. Kf2 Rd2+ 0-1

[Event "45th Olympiad 2024"]
[Site "Budapest HUN"]
[Date "2024.09.11"]
[Round "1.48"]
[Board "1"]
[White "Fawzy, Adham"]
[Black "Hasford, John Kojo"]
[Result "1-0"]
[WhiteTitle "GM"]
[BlackTitle "FM"]
[WhiteElo "2507"]
[BlackElo "1956"]
[WhiteTeam "Egypt"]
[BlackTeam "Ghana"]
[WhiteFideId "10613129"]
[BlackFideId "12600083"]
[EventDate "2024.09.11"]

1. e4 d6 2. d4 Nf6 3. Nc3 g6 4. f4 Bg7 5. Nf3 c6 6. Bd3 O-O 7. h3 Na6 8. O-O Nb4
9. Be2 d5 10. e5 Ne4 11. Nxe4 dxe4 12. Ng5 f5 13. exf6 exf6 14. Bc4+ Nd5 15.
Nxe4 f5 16. Ng5 Qb6 17. c3 h6 18. Nf3 Be6 19. Re1 Rae8 20. Bb3 Kh7 21. Kh1 Qc7
22. Ne5 Nf6 23. Nxg6 Kxg6 24. Rxe6 Rxe6 25. Bxe6 Ne4 26. Qf3 Qe7 27. Bb3 Qh4 28.
Be3 Re8 29. Bc2 h5 30. Kg1 Bh6 31. Rd1 Nf6 32. c4 Ne4 33. d5 Qf6 34. dxc6 Qxc6
35. Rd5 Qxc4 36. Rxf5 Kxf5 37. Qxh5+ Kf6 38. Qxe8 Qxc2 39. Bd4+ 1-0

[Event "45th Olympiad 2024"]
[Site "Budapest HUN"]
[Date "2024.09.11"]
[Round "1.49"]
[Board "1"]
[White "Hemam, Moulaye Brahim"]
[Black "Dardha, Daniel"]
[Result "0-1"]
[WhiteTitle "CM"]
[BlackTitle "GM"]
[WhiteElo "1977"]
[BlackElo "2603"]
[WhiteTeam "Mauritania"]
[BlackTeam "Belgium"]
[WhiteFideId "19600054"]
[BlackFideId "240990"]
[EventDate "2024.09.11"]

1. d4 Nf6 2. Nf3 b6 3. g3 Bb7 4. Bg2 g6 5. O-O Bg7 6. c4 O-O 7. Nc3 Ne4 8. Qc2
Nxc3 9. bxc3 Nc6 10. Nh4 e6 11. Rb1 Na5 12. Bxb7 Nxb7 13. c5 d6 14. cxd6 cxd6
15. Ba3 Na5 16. e4 Qd7 17. Nf3 Rac8 18. Bb4 Nc4 19. Nd2 Rfd8 20. Nxc4 Rxc4 21.
Qb3 Rdc8 22. Rfd1 Qc6 23. d5 exd5 24. Rxd5 Bxc3 25. Rxd6 Qxe4 26. Bxc3 Rxc3 27.
Qd1 Rc2 28. Rd4 Qe5 29. a4 Kg7 30. Qd3 R8c3 31. Qe4 Qxe4 32. Rxe4 Rf3 33. Rf1
Ra2 34. Kg2 Rf5 35. g4 Ra5 36. h3 R5xa4 37. Re7 g5 38. Rb7 Rb4 39. Kg3 a5 40.
Rd1 Rb3+ 41. f3 Rbb2 42. Rg1 a4 43. h4 h6 44. hxg5 hxg5 45. Rd7 a3 46. Rd5 f6
47. Rd3 b5 48. f4 gxf4+ 49. Kxf4 b4 50. g5 Rf2+ 51. Ke3 Rae2+ 52. Kd4 Rd2 53.
gxf6+ Kxf6 0-1

[Event "45th Olympiad 2024"]
[Site "Budapest HUN"]
[Date "2024.09.11"]
[Round "1.49"]
[Board "2"]
[White "Maerevoet, Sim"]
[Black "Yahi, Mohamed Salem"]
[Result "1-0"]
[WhiteTitle "IM"]
[BlackTitle "CM"]
[WhiteElo "2432"]
[BlackElo "1868"]
[WhiteTeam "Belgium"]
[BlackTeam "Mauritania"]
[WhiteFideId "241725"]
[BlackFideId "19600160"]
[EventDate "2024.09.11"]

1. e4 e6 2. d4 d5 3. Nc3 dxe4 4. Nxe4 Nd7 5. g4 Ngf6 6. Nxf6+ Nxf6 7. g5 Ne4 8.
Qd3 Nd6 9. Bf4 Nf5 10. Nf3 c5 11. O-O-O Be7 12. Qb5+ Bd7 13. Qxb7 c4 14. Ne5 Nd6
15. Qxd7+ Qxd7 16. Nxd7 Kxd7 17. d5 e5 18. Bh3+ Kc7 19. Bxe5 Bxg5+ 20. f4 f6 21.
Bxd6+ Kxd6 22. fxg5 fxg5 23. Rhe1 Rae8 24. Re6+ Rxe6 25. dxe6+ Ke5 26. Rd7 h5
27. e7 Re8 28. Bf1 Kf6 29. Rxa7 Rxe7 30. Rxe7 Kxe7 31. Bxc4 1-0

[Event "45th Olympiad 2024"]
[Site "Budapest HUN"]
[Date "2024.09.11"]
[Round "1.50"]
[Board "4"]
[White "Hill, Jonathan"]
[Black "Noritsyn, Nikolay"]
[Result "0-1"]
[BlackTitle "IM"]
[WhiteElo "1756"]
[BlackElo "2451"]
[WhiteTeam "Guernsey"]
[BlackTeam "Canada"]
[WhiteFideId "10700390"]
[BlackFideId "2604922"]
[EventDate "2024.09.11"]

1. d4 Nf6 2. Nf3 g6 3. Bf4 d6 4. h3 c5 5. c3 Qb6 6. Qb3 Nc6 7. e3 cxd4 8. Qxb6
axb6 9. exd4 Nd5 10. Bh2 Bh6 11. Be2 Bc1 12. a3 Bxb2 13. Ra2 Bxc3+ 14. Nxc3 Nxc3
15. Ra1 Bf5 16. Bf4 Be4 17. Be3 b5 18. Kd2 Nxe2 19. Kxe2 Kd7 20. Nh4 Ra4 21.
Rhd1 Rha8 22. f3 Bd5 23. Kf2 b4 24. Bc1 bxa3 25. Rd3 a2 26. Bb2 Na5 27. Ra3 Rxa3
28. Bxa3 Nc4 29. Bc1 Na3 30. Bxa3 Rxa3 31. f4 b5 32. Nf3 Bxf3 33. gxf3 b4 0-1